[Event "Vancouver Open--Open"]
[Site "Vancouver, WA"]
[Date "2017.08.05"]
[Round "1"]
[White "Sinanan  (WA), Josh"]
[Black "Hosford  (WA), Michael"]
[Result "1-0"]
[WhiteElo "2263"]
[BlackElo "1890"]
[PlyCount "29"]
[EventDate "2017.08.05"]

1. d4 Nf6 2. c4 Nc6 3. d5 Ne5 4. f4 Nxc4 5. e4 Nb6 6. Nc3 e6 7. dxe6 fxe6 8.
Nf3 Bb4 9. Bd3 O-O 10. O-O Qe8 11. Qc2 Qh5 12. e5 Bxc3 13. bxc3 Nfd5 14. Ng5 g6
15. Rf3 1-0

[Event "Vancouver Open--Reserve"]
[Site "Vancouver, WA"]
[Date "2017.08.05"]
[Round "1"]
[White "Johnson  (WA), Richard"]
[Black "Varner  (WA), Murlin"]
[Result "0-1"]
[WhiteElo "1205"]
[BlackElo "1515"]
[Annotator "Murlin"]
[PlyCount "88"]
[EventDate "2017.08.05"]

1. e4 e6 2. d4 d5 3. e5 c5 4. dxc5 Bxc5 5. Qg4 g6 6. Nf3 Nc6 7. Bb5 Qb6 8.
Bxc6+ bxc6 9. O-O Ba6 10. Rd1 Bxf2+ 11. Kh1 O-O-O (11... Be2) 12. Nc3 Ne7 13.
b3 Nf5 14. Bg5 Rd7 15. Na4 Qc7 16. Qb4 c5 17. Qd2 Bd4 18. Nxd4 Nxd4 19. Qc3 Be2
20. Bf6 Bxd1 21. Bxh8 Bxc2 22. Qxc5 $19 (22. Nxc5 $18) 22... Qxc5 23. Nxc5 Rc7
24. b4 Bf5 25. Rf1 a5 26. a3 axb4 27. axb4 Nc2 28. Rb1 Ra7 29. h3 Kc7 30. g4
Be4+ 31. Kg1 Kc6 32. Bf6 Kb5 33. Nxe4 dxe4 34. Bg5 Ra1 35. Rxa1 Nxa1 36. Bd2
Nc2 37. Kf2 e3+ 38. Bxe3 Nxe3 39. Kxe3 Kxb4 40. Ke4 Kc5 41. g5 Kc4 42. h4 Kc5
43. Kf4 Kd5 44. h5 gxh5 0-1

[Event "Vancouver Open--Open"]
[Site "Vancouver, WA"]
[Date "2017.08.05"]
[Round "1"]
[White "Breckenridge  (OR), Steven"]
[Black "Phipps  (OR), Danny"]
[Result "1-0"]
[WhiteElo "2385"]
[BlackElo "1920"]
[PlyCount "29"]
[EventDate "2017.08.05"]
[SourceDate "2017.08.05"]
[SourceVersionDate "2017.08.05"]

1. e4 c5 2. c3 Nf6 3. e5 Nd5 4. d4 cxd4 5. Nf3 Nc6 6. Bc4 Nb6 7. Bb3 e6 8. cxd4
d6 9. Qe2 Be7 10. O-O dxe5 11. dxe5 Nd4 12. Nxd4 Qxd4 13. Rd1 Qh4 14. Be3 Nd7
15. Rd4 1-0

[Event "Vancouver Open--Open"]
[Site "Vancouver, WA"]
[Date "2017.08.05"]
[Round "1"]
[White "Bjorksten  (OR), Lennart"]
[Black "Mayer  (WA), Jacob"]
[Result "1-0"]
[WhiteElo "2091"]
[BlackElo "1778"]
[Annotator "Murlin"]
[PlyCount "73"]
[EventDate "2017.08.05"]
[SourceDate "2017.08.05"]
[SourceVersionDate "2017.08.05"]

1. d4 Nf6 2. Bf4 g6 3. Nc3 Bg7 4. e4 d6 5. Nf3 O-O 6. Be2 c5 7. dxc5 dxc5 8.
O-O Nc6 9. h3 a6 10. Qxd8 Nxd8 11. e5 Nh5 12. Be3 Ne6 13. Nd5 Rd8 14. Nb6 Rb8
15. Rfd1 Re8 16. Bc4 Bf8 17. Bxe6 Bxe6 18. Bxc5 Nf4 19. Be3 Bh6 20. Kh2 Kg7 21.
Rd4 Ne2 22. Bxh6+ Kxh6 23. Re4 Rbd8 24. Rxe2 f6 25. Rae1 f5 26. b3 g5 27. Rd2
Rxd2 28. Nxd2 g4 29. hxg4 fxg4 30. Ndc4 Rf8 31. Kg3 Kg5 32. Ne3 h5 33. Rh1 Rh8
34. Rh4 Rd8 35. f4+ gxf3 36. gxf3 Rd2 37. Nbc4 1-0

[Event "Vancouver Open--Open"]
[Site "Vancouver, WA"]
[Date "2017.08.05"]
[Round "1"]
[White "Seshardi  (WA), Sridhar"]
[Black "Pickett  (WA), Charles"]
[Result "1-0"]
[WhiteElo "1677"]
[BlackElo "2000"]
[PlyCount "65"]
[EventDate "2017.08.05"]
[SourceDate "2017.08.05"]
[SourceVersionDate "2017.08.05"]

1. d4 d5 2. Nf3 Nf6 3. Bf4 c5 4. c3 e6 5. e3 Nc6 6. Bb5 cxd4 7. Nxd4 Bd7 8.
Nxc6 Bxc6 9. Bxc6+ bxc6 10. Nd2 Bd6 11. Bxd6 Qxd6 12. Nf3 O-O 13. Qa4 Rfb8 14.
Qc2 c5 15. O-O a5 16. h3 a4 17. Rad1 Qb6 18. Rb1 Ne4 19. Ne5 Qc7 20. Nd3 Nd6
21. b3 Nb5 22. bxa4 Na3 23. Rxb8+ Qxb8 24. Qb3 c4 25. Qxb8+ Rxb8 26. Nc5 Rb2
27. e4 Nb1 28. Rc1 Kf8 29. a5 Rb5 30. a6 Na3 31. Nb7 Rb6 32. Nc5 Rb8 33. Nd7+
1-0

[Event "Vancouver Open--Reserve"]
[Site "Vancouver, WA"]
[Date "2017.08.05"]
[Round "1"]
[White "Yoshinaga  (OR), David"]
[Black "Toppen-Ryan  (WA), Harrison"]
[Result "1-0"]
[WhiteElo "1756"]
[BlackElo "1446"]
[PlyCount "81"]
[EventDate "2017.08.05"]
[SourceDate "2017.08.06"]
[SourceVersionDate "2017.08.06"]

1. f4 Nf6 2. Nf3 g6 3. d3 d5 4. Nbd2 Bg7 5. e4 dxe4 6. dxe4 c5 7. Bd3 Nc6 8. h3
Qc7 9. e5 Nd5 10. Ne4 b6 11. Bc4 Ndb4 12. a3 Na6 13. Nfg5 O-O 14. h4 h5 15.
Bxa6 Bxa6 16. g4 Rad8 17. Bd2 Nd4 18. gxh5 Be2 19. Qc1 Bxh5 20. Ng3 Nf3+ 21.
Nxf3 Bxf3 22. Rh2 Qd7 23. h5 Qg4 24. Kf2 g5 25. h6 gxf4 26. Bxf4 Rd1 27. hxg7
Rxc1 28. gxf8=Q+ Kxf8 29. Bh6+ Ke8 30. Rxc1 Bc6 31. Ne2 Qf5+ 32. Bf4 f6 33.
exf6 Qxf6 34. Rh6 Qxb2 35. Rxc6 Qxa3 36. Rc7 a6 37. Rh1 Qb2 38. Rh7 Qxc2 39.
Rcxe7+ Kf8 40. Rb7 Kg8 41. Rhc7 1-0

[Event "Vancouver Open--Reserve"]
[Site "Vancouver, WA"]
[Date "2017.08.05"]
[Round "1"]
[White "Harvey  (WA), Kelley"]
[Black "Mathews  (W), Carl"]
[Result "1-0"]
[WhiteElo "1393"]
[BlackElo "1670"]
[Annotator "Murlin"]
[PlyCount "73"]
[EventDate "2017.08.05"]
[SourceDate "2017.08.06"]
[SourceVersionDate "2017.08.06"]

1. e4 e5 2. Nf3 Nc6 3. Bb5 a6 4. Ba4 Bc5 5. c3 d6 6. d4 exd4 7. cxd4 Bb4+ 8.
Nc3 b5 9. Bc2 Bg4 10. Be3 Nf6 11. O-O O-O 12. a3 Ba5 13. Re1 Re8 14. Bg5 h6 15.
Bh4 g5 16. Bg3 Re7 17. Qd3 Bh5 18. Re2 Bg6 19. b4 Bb6 20. d5 Nb8 21. a4 Nbd7
22. axb5 axb5 23. Rae1 Ng4 24. Nxb5 f6 25. Nbd4 Qe8 26. Nc6 Nge5 27. Nxe7+ Qxe7
28. Bxe5 Nxe5 29. Qd2 Qd7 30. Nd4 Bh5 31. f3 Bxf3 32. gxf3 Bxd4+ 33. Kg2 Bb6
34. h3 Ng6 35. Kg3 Nf4 36. Rh2 Ra2 37. Qc3 {time} 1-0

[Event "Vancouver Open--Reserve"]
[Site "Vancouver, WA"]
[Date "2017.08.05"]
[Round "1"]
[White "Hicks  (WA), Collin"]
[Black "Hasuike  (OR), Mike"]
[Result "0-1"]
[WhiteElo "1347"]
[BlackElo "1617"]
[PlyCount "84"]
[EventDate "2017.08.05"]
[SourceDate "2017.08.06"]
[SourceVersionDate "2017.08.06"]

1. e4 Nf6 2. Nc3 d5 3. d3 dxe4 4. g3 e5 5. Bg2 exd3 6. cxd3 c6 7. Nf3 Bd6 8.
O-O O-O 9. d4 Nbd7 10. d5 c5 11. Nb5 Nb6 12. Ng5 h6 13. Ne4 Nxe4 14. Bxe4 a6
15. Nxd6 Qxd6 16. Be3 Bh3 17. Re1 f5 18. Qh5 Bg4 19. Qh4 g5 20. Bxc5 Qxc5 21.
Qxh6 Qe7 22. d6 Qf6 23. Qxf6 Rxf6 24. Bxb7 Ra7 25. d7 Nxd7 26. Bd5+ Kf8 27. f3
Bh5 28. h3 Bf7 29. Rad1 Nb6 30. Bxf7 Kxf7 31. Rxe5 Re7 32. Rc5 Rd7 33. Rxd7+
Nxd7 34. Rc7 Rd6 35. b4 Ke6 36. h4 gxh4 37. gxh4 Rd1+ 38. Kf2 Rd2+ 39. Ke3 Rh2
40. Rc6+ Kf7 41. Rh6 Nf6 42. a4 Kg7 0-1

[Event "Vancouver Open--Open"]
[Site "Vancouver, WA"]
[Date "2017.08.05"]
[Round "1"]
[White "McCoy  (OR), Owen"]
[Black "Abdul-Mujeeb  (WA), Numan"]
[Result "1-0"]
[WhiteElo "2040"]
[BlackElo "1715"]
[Annotator "Murlin"]
[PlyCount "63"]
[EventDate "2017.08.05"]
[SourceDate "2017.08.06"]
[SourceVersionDate "2017.08.06"]

1. e4 c5 2. Nc3 d6 3. g3 Nf6 4. Bg2 Nc6 5. d3 g6 6. Nh3 Bxh3 7. Bxh3 Bg7 8. O-O
O-O 9. f4 e6 10. Bg2 a6 11. Ne2 Qc7 12. c3 Rad8 13. Bf3 b5 14. g4 Ne7 15. g5
Nh5 16. Bxh5 gxh5 17. Ng3 h4 18. Nh5 f5 19. gxf6 Bxf6 20. Qg4+ Ng6 21. Qxe6+
Kh8 22. Nxf6 Qg7 23. Ng4 (23. Nh5) 23... b4 24. Rf2 bxc3 25. bxc3 Rb8 26. Be3
Qxc3 27. Rd1 h3 28. Qxd6 Rb2 29. Qxc5 Qxc5 30. Bxc5 Rxf2 31. Bd4+ Kg8 32. Nh6#
1-0

[Event "Vancouver Open--Reserve"]
[Site "Vancouver, WA"]
[Date "2017.08.05"]
[Round "1"]
[White "Reeves  (WA), Jasen"]
[Black "Liang  (WA), Yu-Cheng"]
[Result "0-1"]
[WhiteElo "1526"]
[BlackElo "1388"]
[Annotator "Murlin"]
[PlyCount "114"]
[EventDate "2017.08.05"]
[SourceDate "2017.08.06"]
[SourceVersionDate "2017.08.06"]

1. d4 d5 2. c4 Nc6 3. Nc3 Nf6 4. Nf3 Bg4 5. e3 Nb4 6. Qb3 e6 7. c5 a5 8. a3 Na6
9. Qxb7 Bxf3 10. gxf3 Qb8 11. Bxa6 Qxb7 12. Bxb7 Rb8 13. Bc6+ Kd8 14. e4 dxe4
15. fxe4 Nd7 16. e5 Bxc5 17. Bxd7 Bxd4 18. Ba4 Bxe5 19. O-O h5 20. Rd1+ Ke7 21.
Rd7+ Kf8 22. Be3 Rxb2 23. Bc5+ Kg8 24. Rd8+ Kh7 25. Rxh8+ Kxh8 26. Rc1 g5 27.
Ne4 g4 28. Rd1 Kg7 29. Bd4 Bxd4 30. Rxd4 f5 31. Nc5 e5 32. Rd7+ Kf6 33. Rxc7 h4
34. Rc6+ Kg5 35. Ne6+ Kh5 36. Bd1 Rb1 37. Rd6 h3 38. Nc5 Kg5 39. Nb3 f4 40.
Nxa5 e4 41. Nc4 Ra1 42. a4 Kf5 43. a5 Rc1 44. Nb2 e3 45. Kf1 f3 46. fxe3 Rb1
47. Nc4 g3 48. Kg1 (48. hxg3 $18) 48... f2+ 49. Kf1 gxh2 50. Kxf2 h1=Q 51. e4+
Qxe4 52. Nd2 Ke5 53. Rd8 (53. Nxe4 $18) 53... Qh4+ 54. Kg1 Qxd8 55. Nc4+ Ke6
56. Ne3 Rxd1+ 57. Nxd1 Qxd1+ 0-1

[Event "Vancouver Open--Open"]
[Site "Vancouver, WA"]
[Date "2017.08.05"]
[Round "1"]
[White "Ramasamy  (WA), Vikram"]
[Black "Kadioglu  (WA), Cem"]
[Result "0-1"]
[WhiteElo "2139"]
[BlackElo "1809"]
[PlyCount "58"]
[EventDate "2017.08.05"]
[SourceDate "2017.08.06"]
[SourceVersionDate "2017.08.06"]

1. e4 e6 2. d4 d5 3. Nd2 c5 4. Ngf3 Nc6 5. exd5 Qxd5 6. Bc4 Qd8 7. Nb3 cxd4 8.
Nbxd4 Nxd4 9. Qxd4 Qxd4 10. Nxd4 a6 11. a4 Nf6 12. Bf4 Bc5 13. Nb3 Be7 14.
O-O-O O-O 15. f3 Bd7 16. a5 Rac8 17. Rd4 Bc6 18. Rhd1 Nd5 19. Be5 f6 20. Bg3
Rfd8 21. f4 f5 22. Re1 Bf6 23. Rd3 Ba4 24. Nd2 Bxc2 25. Ra3 Be4 26. Rb3 Rc7 27.
Kd1 Rxc4 28. Nxc4 Nc3+ 29. Kc1 Na2# 0-1

[Event "Vancouver Open--Open"]
[Site "Vancouver, WA"]
[Date "2017.08.05"]
[Round "1"]
[White "Vega  (OR), Isaac"]
[Black "Seitzer  (OR), Phillip"]
[Result "0-1"]
[WhiteElo "1755"]
[BlackElo "2056"]
[PlyCount "116"]
[EventDate "2017.08.05"]
[SourceDate "2017.08.06"]
[SourceVersionDate "2017.08.06"]

1. e4 c5 2. Nc3 Nc6 3. f4 g6 4. Nf3 Bg7 5. Bb5 Nd4 6. O-O Nxb5 7. Nxb5 d5 8. e5
a6 9. Nc3 Bg4 10. d4 cxd4 11. Qxd4 Bxf3 12. Rxf3 e6 13. Na4 Rc8 14. Qf2 Ne7 15.
Nb6 Rc6 16. Be3 O-O 17. g4 Qc7 18. c3 Rd8 19. Bd4 Nc8 20. Nxc8 Rxc8 21. Re1 Re8
22. f5 exf5 23. gxf5 Bxe5 24. Rfe3 f6 25. fxg6 hxg6 26. Qg2 Bxd4 27. Qxd5+ Kg7
28. Qxd4 Rxe3 29. Qxe3 Qb6 30. Kf2 Qxb2+ 31. Kf1 Qb5+ 32. Kf2 Qf5+ 33. Kg2 Qc5
34. Qe7+ Qxe7 35. Rxe7+ Kh6 36. Rxb7 Rxc3 37. Rb6 Ra3 38. Rxf6 Rxa2+ 39. Kf1
Kg5 40. Rb6 a5 41. Ra6 a4 42. Kg1 a3 43. Ra4 Kh5 44. Kh1 g5 45. Kg1 g4 46. Ra5+
Kh4 47. Ra6 Kg5 48. Ra4 Kf5 49. Kh1 Ke5 50. Rxg4 Rb2 51. Rg5+ Kf4 52. Ra5 a2
53. Ra4+ Kf3 54. Ra3+ Kf2 55. h4 Rb1+ 56. Kh2 a1=Q 57. Rxa1 Rxa1 58. Kh3 Kf3
0-1

[Event "Vancouver Open--Open"]
[Site "Vancouver, WA"]
[Date "2017.08.05"]
[Round "1"]
[White "Mathews  (WA), Dan"]
[Black "Zhang  (WA), Derek"]
[Result "0-1"]
[WhiteElo "1825"]
[BlackElo "2175"]
[Annotator "Murlin"]
[PlyCount "68"]
[EventDate "2017.08.05"]
[SourceDate "2017.08.06"]
[SourceVersionDate "2017.08.06"]

1. d4 e6 2. Nf3 f5 3. g3 Nf6 4. Bg2 d5 5. Bf4 Bd6 6. Bxd6 Qxd6 7. Ne5 Qb4+ 8.
Nd2 Qxd4 9. Nd3 O-O 10. c3 Qb6 11. Qb3 Qxb3 12. Nxb3 Nbd7 13. O-O c6 14. Rac1
Ne8 15. c4 Nd6 16. cxd5 exd5 17. Nd2 Ne4 18. Rfd1 Rf6 19. e3 Nb6 20. b3 Bd7 21.
Nf1 Re8 22. Bxe4 fxe4 23. Nc5 Bc8 24. Rd2 Nd7 25. Nxd7 Bxd7 26. b4 a6 27. a4
Rff8 28. a5 b6 29. Rdc2 bxa5 30. bxa5 Rb8 31. Rxc6 Bxc6 32. Rxc6 Rfc8 33. Rxa6
Ra8 34. Rd6 Rxa5 {Scorekeeping ended due to time pressure.} 0-1

[Event "Vancouver Open--Reserve"]
[Site "Vancouver, WA"]
[Date "2017.08.05"]
[Round "2"]
[White "Doddapaneni  (OR), Venkat"]
[Black "Fudalla  (OR), Ian"]
[Result "1-0"]
[WhiteElo "1645"]
[BlackElo "1421"]
[PlyCount "39"]
[EventDate "2017.08.05"]
[SourceDate "2017.08.07"]
[SourceVersionDate "2017.08.07"]

1. e4 c5 2. Nf3 g6 3. c3 Nc6 4. Bb5 Qc7 5. O-O Nf6 6. Re1 Bg7 7. d4 O-O 8. Bg5
d6 9. Nbd2 a6 10. Bd3 b5 11. Qc2 h6 12. Bf4 Bb7 13. dxc5 e5 14. cxd6 Qxd6 15.
Bg3 Rac8 16. Bf1 Nb4 17. Qb3 Nd3 18. Bxd3 Qxd3 19. Re3 Qc4 20. Nxc4 1-0

[Event "Vancouver Open--Reserve"]
[Site "Vancouver, WA"]
[Date "2017.08.05"]
[Round "2"]
[White "Varner  (WA), Murlin"]
[Black "Yoshinaga  (OR), David"]
[Result "0-1"]
[WhiteElo "1515"]
[BlackElo "1756"]
[Annotator "Murlin"]
[PlyCount "100"]
[EventDate "2017.08.05"]
[SourceDate "2017.08.07"]
[SourceVersionDate "2017.08.07"]

1. c4 c5 2. Nc3 Nc6 3. g3 b6 4. Bg2 Bb7 5. e4 e6 6. Nge2 Nf6 7. d3 d6 8. O-O
Be7 9. Qa4 O-O 10. e5 Nxe5 11. Bxb7 Nfg4 12. Qd1 h5 13. f4 Nxh2 14. fxe5 Ng4
15. Bxa8 Qxa8 16. Nf4 g6 17. Qf3 Qd8 18. Ne4 dxe5 19. Nh3 f5 20. Neg5 Qd4+ 21.
Kh1 e4 22. Nxe6 (22. dxe4 $18) 22... Qd6 23. dxe4 Qxe6 24. Bg5 Bd6 25. Rae1
fxe4 26. Rxe4 $4 (26. Bf4 $18) 26... Rxf3 27. Rxe6 Rxf1+ 28. Kg2 Rd1 $17 29.
Rxg6+ $2 Kf7 30. Rxd6 Rxd6 31. Bf4 Rd4 32. Ng5+ Kg6 33. b3 Rd1 34. Nf3 Ra1 35.
a4 Ra2+ 36. Nd2 Kf5 37. Kf3 Ne5+ 38. Ke2 Nc6 39. Bc7 Kg4 40. Kd3 Nd4 41. Bb8 a6
42. Bc7 Nf5 43. Bxb6 Nxg3 44. Bxc5 Rxd2+ 45. Kxd2 Ne4+ 46. Ke2 Nxc5 47. b4 Nxa4
48. c5 h4 49. Kf2 Kf4 50. c6 Nb6 0-1

[Event "Vancouver Open--Open"]
[Site "Vancouver, WA"]
[Date "2017.08.05"]
[Round "2"]
[White "Zhang  (WA), Derek"]
[Black "Margvelashvili  (WA), Giorgi"]
[Result "0-1"]
[WhiteElo "2175"]
[BlackElo "2609"]
[Annotator "Murlin"]
[PlyCount "52"]
[EventDate "2017.08.05"]
[SourceDate "2017.08.07"]
[SourceVersionDate "2017.08.07"]

1. Nf3 c5 2. c4 Nf6 3. Nc3 e6 4. e3 a6 5. b3 d5 6. cxd5 exd5 7. d4 cxd4 8. Nxd4
Bb4 9. Bd2 Bd6 10. Bd3 O-O 11. Bf5 Nc6 12. O-O Nxd4 13. Bxc8 Qxc8 14. exd4 Qf5
15. h3 Rac8 16. Qb1 Qxb1 17. Raxb1 Rc6 18. a4 Rfc8 19. Nd1 Ne4 20. Ba5 Bf4 21.
f3 Ng3 22. Re1 Nf5 23. Bc3 b5 24. Ra1 h6 25. Bb2 Bg3 26. Rf1 Re8 $19 {I think
I deciphered most of these moves correctly, but I am really not sure about
Black's move #24. It looks most like Rc4, but no way it is that. Deep Fritz
preferred 24 ... h6, which is what is shown here. I just can't see that in the
notation. Anyway, Deep Fritz gives Black a 3.24 advantage at a depth of 28 in
the end position.} 0-1

[Event "Vancouver Open--Open"]
[Site "Vancouver, WA"]
[Date "2017.08.05"]
[Round "2"]
[White "Seitzer  (OR), Phillip"]
[Black "Sinanan  (WA), Josh"]
[Result "1/2-1/2"]
[WhiteElo "2056"]
[BlackElo "2263"]
[PlyCount "79"]
[EventDate "2017.08.05"]
[SourceDate "2017.08.08"]
[SourceVersionDate "2017.08.08"]

1. e4 c5 2. Nf3 e6 3. Nc3 a6 4. d4 cxd4 5. Nxd4 Qc7 6. Bd3 Nc6 7. Be3 Nxd4 8.
Bxd4 Ne7 9. O-O Nc6 10. Be3 Ne5 11. a4 Bc5 12. Qe2 b6 13. Rae1 O-O 14. f4 Nxd3
15. cxd3 f5 16. d4 Be7 17. e5 d5 18. Rc1 Qb7 19. b3 Bd7 20. Qb2 Rfc8 21. Nb1 b5
22. axb5 Qxb5 23. Rf3 Rab8 24. Rxc8+ Rxc8 25. Bf2 Bb4 26. h3 Qc6 27. Be3 a5 28.
Rf2 Rc7 29. Bd2 Bc8 30. Bxb4 axb4 31. Nd2 Ba6 32. Nf3 h6 33. Kh2 Bd3 34. Qa2
Kh7 35. Qa5 Qc3 36. Qb6 Rc6 37. Qb7 Rc7 38. Qb6 Rc6 39. Qb7 Rc7 40. Qb6 1/2-1/2

[Event "Vancouver Open--Reserve"]
[Site "Vancouver, WA"]
[Date "2017.08.05"]
[Round "1"]
[White "Kodithyala  (OR), Raj"]
[Black "Jo  (WA), Jo"]
[Result "1-0"]
[WhiteElo "1510"]
[BlackElo "472"]
[PlyCount "51"]
[EventDate "2017.08.05"]
[SourceDate "2017.08.08"]
[SourceVersionDate "2017.08.08"]

1. e4 c6 2. d4 d5 3. Nc3 e6 4. exd5 cxd5 5. Nf3 Bb4 6. Bd2 Nd7 7. a3 Bxc3 8.
Bxc3 Ne7 9. Bd3 O-O 10. O-O Nf6 11. Re1 Qc7 12. Ne5 Nc6 13. Re3 Qb6 14. Rh3
Nxd4 15. Bxd4 Qxd4 16. Bxh7+ Nxh7 17. Qxd4 Ng5 18. Re3 f6 19. Qh4 fxe5 20. Qxg5
Rf5 21. Qd8+ Rf8 22. Qd6 Bd7 23. Qxd7 Rad8 24. Qxe6+ Rf7 25. Rf3 Rdf8 26. Re1
1-0

[Event "Vancouver Open--Reserve"]
[Site "Vancouver, WA"]
[Date "2017.08.05"]
[Round "2"]
[White "Jo  (WA), Jo"]
[Black "Wu  (OR), Abbie"]
[Result "0-1"]
[WhiteElo "472"]
[BlackElo "1478"]
[PlyCount "70"]
[EventDate "2017.08.05"]
[SourceDate "2017.08.08"]
[SourceVersionDate "2017.08.08"]

1. d4 Nf6 2. Bf4 d5 3. e3 g6 4. c3 Bg7 5. Nd2 Bf5 6. Qb3 b6 7. Be2 O-O 8. Bf3
Nc6 9. a3 Qd7 10. c4 e6 11. Ne2 Na5 12. Qa2 c6 13. b4 Nb7 14. O-O Ne4 15. Nxe4
dxe4 16. Bxe4 Bxe4 17. Nc3 Bf5 18. e4 Qxd4 19. Qd2 Qxc3 20. Qxc3 Bxc3 21. Rac1
Bb2 22. Rb1 Bg7 23. exf5 exf5 24. c5 bxc5 25. b5 Na5 26. Bd6 Rfc8 27. Bxc5 Nc4
28. Rfd1 cxb5 29. Rxb5 a6 30. Rb7 Rxc5 31. Rdb1 Nxa3 32. Rb8+ Rxb8 33. Rxb8+
Bf8 34. h3 Nb5 35. Ra8 a5 0-1

[Event "Vancouver Open--Reserve"]
[Site "Vancouver, WA"]
[Date "2017.08.05"]
[Round "2"]
[White "Hasuike  (OR), Mike"]
[Black "Harvey  (WA), Kelley"]
[Result "1-0"]
[WhiteElo "1617"]
[BlackElo "1393"]
[PlyCount "55"]
[EventDate "2017.08.05"]
[SourceDate "2017.08.08"]
[SourceVersionDate "2017.08.08"]

1. d4 d5 2. e3 Nf6 3. Bd3 c6 4. Nd2 e6 5. f4 g6 6. Qe2 Bg7 7. b3 Nbd7 8. Bb2
Nb6 9. Ba3 Bd7 10. Ngf3 Qc7 11. Ne5 h5 12. O-O-O Bc8 13. Kb1 Nbd7 14. Ndf3 Nxe5
15. Nxe5 Nd7 16. Rhf1 Nxe5 17. fxe5 Bf8 18. Bxf8 Rxf8 19. Rf2 Qe7 20. Rdf1 Bd7
21. Bxg6 fxg6 22. Rxf8+ Qxf8 23. Rxf8+ Kxf8 24. Qf2+ Kg7 25. Qf6+ Kh6 26. g4
hxg4 27. Qh4+ Kg7 28. Qe7+ 1-0

[Event "Vancouver Open--Reserve"]
[Site "Vancouver, WA"]
[Date "2017.08.05"]
[Round "2"]
[White "Nestler  (VA), Matthew"]
[Black "Hicks  (WA), Collin"]
[Result "1-0"]
[WhiteElo "1570"]
[BlackElo "1347"]
[PlyCount "69"]
[EventDate "2017.08.05"]
[SourceDate "2017.08.08"]
[SourceVersionDate "2017.08.08"]

1. c4 Nc6 2. Nc3 e6 3. g3 b6 4. Bg2 Bb7 5. d4 Nf6 6. Nf3 d5 7. cxd5 Nxd5 8.
Nxd5 Qxd5 9. O-O O-O-O 10. Ne5 Qxd4 11. Qxd4 Rxd4 12. Bxc6 Ba6 13. Bf3 Bc5 14.
Be3 Rb4 15. Bxc5 bxc5 16. Rab1 f6 17. Nd3 Bxd3 18. exd3 Rd8 19. Be2 e5 20. Rbc1
e4 21. Rfd1 f5 22. b3 Rbd4 23. dxe4 Rxe4 24. Rxd8+ Kxd8 25. Bd3 Re5 26. f4 Rd5
27. Rd1 Ke7 28. Kf2 h6 29. Be2 Rxd1 30. Bxd1 g5 31. Ke3 Kd6 32. Kd3 g4 33. Kc4
a6 34. Bc2 h5 35. Bxf5 1-0

[Event "Vancouver Open--Reserve"]
[Site "Vancouver, WA"]
[Date "2017.08.06"]
[Round "4"]
[White "Reeves  (WA), Jasen"]
[Black "Harvey  (WA), Kelley"]
[Result "1-0"]
[WhiteElo "1526"]
[BlackElo "1393"]
[PlyCount "40"]
[EventDate "2017.08.05"]
[SourceDate "2017.08.08"]
[SourceVersionDate "2017.08.08"]

1. d4 d5 2. c4 c6 3. Nc3 Nf6 4. Nf3 a6 5. e3 Bg4 6. Bd2 e6 7. cxd5 exd5 8. h3
Bxf3 9. Qxf3 Bd6 10. Bd3 O-O 11. O-O Nbd7 12. e4 dxe4 13. Nxe4 Nxe4 14. Bxe4
Qf6 15. Qd3 h6 16. f4 Nb6 17. g4 Qe6 18. Qf3 Rfe8 19. Rae1 Qxa2 20. g5 Qe6 1-0

[Event "Vancouver Open--Reserve"]
[Site "Vancouver, WA"]
[Date "2017.08.05"]
[Round "3"]
[White "Hicks  (WA), Collin"]
[Black "Jo  (WA), Jo"]
[Result "0-1"]
[WhiteElo "1347"]
[BlackElo "472"]
[PlyCount "76"]
[EventDate "2017.08.05"]
[SourceDate "2017.08.09"]
[SourceVersionDate "2017.08.09"]

1. e4 c6 2. Nf3 d5 3. Nc3 e6 4. d4 Ne7 5. Bf4 Nd7 6. Bd3 Ng6 7. Bg5 Be7 8. Qd2
Qb6 9. b3 Bb4 10. e5 Nf4 11. Bxf4 Qa5 12. O-O Bxc3 13. a4 Bxd2 14. Bxd2 Qc7 15.
Ng5 h6 16. Nf3 c5 17. c3 Qb6 18. b4 cxd4 19. cxd4 O-O 20. a5 Qd8 21. a6 bxa6
22. Bxa6 Bxa6 23. Rxa6 Nb6 24. Rc1 Nc4 25. Bc3 Qd7 26. Nd2 Rfc8 27. Nb3 Rc6 28.
b5 Rxa6 29. Nc5 Qe8 30. Nxa6 Qe7 31. Bb4 Qg5 32. Re1 f6 33. Nc7 Rc8 34. Nxe6
Qg4 35. Nc5 fxe5 36. dxe5 Nxe5 37. Rxe5 Qd1+ 38. Be1 Rxc5 0-1

[Event "Vancouver Open--Reserve"]
[Site "Vancouver, WA"]
[Date "2017.08.06"]
[Round "4"]
[White "Strohbehn  (WA), Jon"]
[Black "Jo  (WA), Jo"]
[Result "1-0"]
[WhiteElo "1400"]
[BlackElo "472"]
[PlyCount "75"]
[EventDate "2017.08.05"]
[SourceDate "2017.08.09"]
[SourceVersionDate "2017.08.09"]

1. c4 c6 2. Nc3 Nf6 3. Nf3 d5 4. e3 Bf5 5. Qb3 Qb6 6. Qxb6 axb6 7. cxd5 cxd5 8.
Nd4 Bg6 9. Bb5+ Nbd7 10. Na4 e5 11. Nf3 e4 12. Ne5 Bc5 13. a3 Ra5 14. Nc3 d4
15. Bxd7+ Nxd7 16. Nxg6 hxg6 17. Nxe4 dxe3 18. dxe3 Bb4+ 19. Bd2 Bxd2+ 20. Nxd2
Rd5 21. Nf3 Ne5 22. Nxe5 Rxe5 23. O-O Rd5 24. Rfd1 Rhh5 25. Rd4 Ke7 26. Rad1
Ke6 27. Rxd5 Rxd5 28. Rxd5 Kxd5 29. b3 f5 30. f3 b5 31. Kf2 Kc5 32. Ke2 b4 33.
a4 b5 34. a5 g5 35. Kd3 Kd5 36. e4+ fxe4+ 37. fxe4+ Kd6 38. Kd4 1-0

[Event "Vancouver Open--Reserve"]
[Site "Vancouver, WA"]
[Date "2017.08.05"]
[Round "2"]
[White "Dietz  (OR), Arlis"]
[Black "Johnson  (WA), Richard"]
[Result "1-0"]
[WhiteElo "1500"]
[BlackElo "1205"]
[PlyCount "50"]
[EventDate "2017.08.05"]
[SourceDate "2017.08.10"]
[SourceVersionDate "2017.08.10"]

1. e4 d5 2. exd5 Nf6 3. d4 Nxd5 4. c3 c5 5. dxc5 e5 6. Bc4 Be6 7. Nf3 Nc6 8.
Bb3 Bxc5 9. O-O O-O 10. Re1 Qd6 11. Nbd2 Nb6 12. Bxe6 Qxe6 13. Nb3 Be7 14. Qc2
Rad8 15. Be3 Nd5 16. Bc5 Rd7 17. Bxe7 Qxe7 18. Nbd4 Qf6 19. Nxc6 Qxc6 20. Nxe5
Nb4 21. Qb3 Qd5 22. Nxd7 Qxb3 23. axb3 Nc2 24. Nxf8 Nxe1 25. Rxe1 Kxf8 1-0

[Event "Vancouver Open--Open"]
[Site "Vancouver, WA"]
[Date "2017.08.05"]
[Round "2"]
[White "Mayer  (WA), Jacob"]
[Black "Du  (WA), Wenyang"]
[Result "1-0"]
[WhiteElo "1778"]
[BlackElo "1908"]
[PlyCount "51"]
[EventDate "2017.08.05"]
[SourceDate "2017.08.10"]
[SourceVersionDate "2017.08.10"]

1. e4 c5 2. c4 Nc6 3. Ne2 Nf6 4. Nbc3 e6 5. d4 cxd4 6. Nxd4 Bb4 7. Nxc6 bxc6 8.
Bd3 Bxc3+ 9. bxc3 e5 10. O-O O-O 11. f4 Qb6+ 12. Kh1 d6 13. f5 Ba6 14. g4 Nd7
15. g5 Qa5 16. Qe2 Nc5 17. Bd2 d5 18. exd5 cxd5 19. g6 Nxd3 20. gxh7+ Kxh7 21.
Qxd3 Bxc4 22. Qh3+ Kg8 23. Rg1 f6 24. Rxg7+ Kxg7 25. Qh5 Qc5 26. Bh6+ 1-0